India's Nuclear Might / (Record no. 69288)

MARC details
000 -LEADER
fixed length control field 00850nam a22002417a 4500
005 - DATE AND TIME OF LATEST TRANSACTION
control field 20180310112456.0
010 ## - LCCN (DPL NO)
LC control number ENG-105625
020 ## - INTERNATIONAL STANDARD BOOK NUMBER
Terms of availability 250.00
International Standard Book Number 9788184301380
035 ## - SYSTEM CONTROL NUMBER
System control number EN-89158
035 ## - SYSTEM CONTROL NUMBER
System control number B-528634
035 ## - SYSTEM CONTROL NUMBER
System control number B-667794
037 ## - SOURCE OF ACQUISITION
Source of stock number/acquisition DBAD/PUB
037 ## - SOURCE OF ACQUISITION
Source of stock number/acquisition Ocean Books/Ven
Stock number dpl
082 ## - DEWEY DECIMAL CLASSIFICATION NUMBER
Classification number 333.79240954
100 ## - MAIN ENTRY--PERSONAL NAME
Personal name Pahuja, Om Parkash
245 ## - TITLE STATEMENT
Title India's Nuclear Might /
Statement of responsibility, etc by Om parkash Pahuja
260 ## - PUBLICATION, DISTRIBUTION, ETC. (IMPRINT)
Place of publication, distribution, etc New Delhi
Name of publisher, distributor, etc Ocean Books
Date of publication, distribution, etc 2012
270 ## - ADDRESS
Address 4/19 Asaf Ali Road
City New Delhi
Postal code 110002
300 ## - PHYSICAL DESCRIPTION
Extent 168p. :
Dimensions 22cm(Hb)
Other physical details ill.
942 ## - ADDED ENTRY ELEMENTS (KOHA)
Source of classification or shelving scheme Dewey Decimal Classification
Item type English Books
Call number suffix PAH
Classification part 327.17470954
Holdings
Withdrawn status Lost status Not for loan Collection code Home library Current library Date acquired Source of acquisition Cost, normal purchase price Full call number Barcode Copy number Cost, replacement price Koha item type
      Non-fiction Ashok Vihar Ashok Vihar 10/03/2018 Ocean Books/19698/04.03.2017/357/15.02.2017/18.03.2017 250.00 327.17470954 PAH B-667794 1 250.00 English Books
  Lost and Paid For   Non-fiction Central Library Central Library 12/06/2014 Ocean Books/19422/28.10.2013/34/10.10.2013/29.10.2013 250.00 327.17470954 PAH B-528634 1 250.00 English Books
    Not For Loan Non-fiction D.B.Act.Division D.B.Act.Division 24/08/2012 DBAD/PUB 250.00 333.79240954 PAH EN-89158 1 250.00 English Books

© Delhi Public Library
Hit Counter
free hit counter